Štruktúra a využitie obežného majetku podniku bakalárska práca

Gespeichert in:
Bibliographische Detailangaben
1. Verfasser: Tarajová, Anna
Körperschaft: Fakulta podnikového manažmentu EU. Katedra podnikovohospodárska
Weitere Verfasser: Pacek, Martin
Format: Buch
Sprache:Slowakisch
Veröffentlicht: Bratislava 2012
Tags: Tag hinzufügen
Keine Tags, Fügen Sie das erste Tag hinzu!

MARC

LEADER 00000nbm a2200000 4500
001 0153918
005 20161109111814.8
041 0 |a slo 
044 |a SK 
245 1 0 |a Štruktúra a využitie obežného majetku podniku  |b bakalárska práca  |c Anna Tarajová ; školiteľ: Martin Pacek 
264 1 |a Bratislava  |c 2012 
300 |a 40 s. 
100 1 |a Tarajová, Anna 
700 1 |a Pacek, Martin 
710 2 |a Fakulta podnikového manažmentu EU. Katedra podnikovohospodárska